| 000 | 00345nam a22001337a 4500 | ||
|---|---|---|---|
| 999 |
_c8614 _d8614 |
||
| 003 | OSt | ||
| 005 | 20191105164133.0 | ||
| 008 | 191105b ||||| |||| 00| 0 eng d | ||
| 040 | _cddc | ||
| 082 | _a200.90 | ||
| 100 | _a Fundamentalism in Religions (Seminar) (2017 : Kodaikanal, India) | ||
| 245 | _a Fundamentalism in religions | ||
| 942 |
_2ddc _cBK |
||